000 00571nam a22001817a 4500
005 20251108165455.0
008 250721s1994 xx 000 0 ara d
082 1 4 _a415/دين
100 1 _aالدينوري، أبو عبد الله الحسين
245 1 0 _aثمار الصناعة في علم العربية /
264 1 _aعمان :
_bوزارة الثقافة،
_c1994.
300 _a220ص
650 1 7 _aاللغة العربية
650 1 7 _aقواعد اللغة
700 1 _aحداد، حنا جميل
_eتحقيق
942 _2ddc
_cBK
999 _c28759
_d28759